Colleges with Drafted Players in 2025 - Statistics

General Stats
  • This quiz has been taken 83 times
  • The average score is 53 of 85
Answer Stats
# of Picks College % Correct
7 Alabama
97%
14 Ohio State
96%
13 Georgia
91%
7 Florida
90%
7 Michigan
90%
1 Michigan
90%
7 LSU
88%
13 Texas
88%
8 Mississippi
87%
4 Arizona
86%
3 USC
83%
4 Colorado
81%
7 Miami (FL)
81%
2 Oklahoma
81%
10 Oregon
81%
3 Texas A&M
81%
5 Penn State
80%
4 Tennessee
80%
5 UCLA
80%
1 Washington
80%
1 Arizona State
77%
5 South Carolina
77%
2 Florida State
75%
1 North Carolina
75%
5 Iowa
74%
2 Kansas
74%
2 Kentucky
74%
2 Nebraska
72%
2 North Dakota State
72%
3 Clemson
71%
2 Texas Tech
71%
2 Arkansas
70%
2 Indiana
70%
3 Minnesota
70%
6 Notre Dame
70%
4 Oklahoma State
70%
2 Boise State
68%
4 Iowa State
68%
1 Virginia
68%
1 Washington State
68%
2 Wisconsin
68%
3 Missouri
67%
2 Georgia Tech
65%
1 Illinois
65%
3 Kansas State
65%
3 Louisville
64%
3 Auburn
62%
6 Maryland
59%
1 North Carolina State
59%
3 Rutgers
58%
5 Virginia Tech
58%
3 Boston College
57%
1 Colorado State
57%
2 TCU
57%
2 Utah State
57%
1 Vanderbilt
57%
1 West Virginia
57%
4 Syracuse
55%
1 Stanford
54%
4 California
52%
1 Memphis
52%
1 Nevada
52%
1 Purdue
52%
1 UNLV
51%
1 Cincinnati
49%
1 Connecticut
49%
2 Central Florda
48%
1 Montana
48%
2 SMU
48%
1 Bowling Green
46%
1 Marshall
45%
3 Pittsburgh
42%
1 Toledo
42%
2 Tulane
42%
1 UTSA
36%
1 Navy
35%
1 Western Michigan
35%
1 Central Michigan
33%
1 East Carolina
32%
1 Montana State
32%
1 Western Kentucky
23%
1 William & Mary
23%
1 Alabama A&M
16%
1 Central Arkansas
12%
1 Sacramento State
10%
No matching quizzes found
Score Distribution
Percent of People with Each Score
Percentile by Number Answered
Your Score History
You have not taken this quiz